[Event "45th Olympiad 2024"]
[Site "Budapest HUN"]
[Date "2024.09.21"]
[Round "10.41"]
[Board "1"]
[White "Lazov, Toni"]
[Black "Bai, Adelard"]
[Result "1-0"]
[WhiteElo "2360"]
[BlackElo "2378"]
[PlyCount "75"]
[EventDate "2024.09.11"]
[WhiteTeam "North Macedonia"]
[BlackTeam "Chinese Taipei"]

1. e4 e5 2. Nf3 Nc6 3. Bc4 Nf6 4. d3 d5 5. exd5 Nxd5 6. O-O Nb6 7. Bb5 Bd6 8. Nxe5 Bxe5 9. Bxc6+ bxc6 10. Re1 Qe7 11. Kh1 Bb7 12. f4 O-O-O 13. Nc3 c5 14. Rxe5 Qh4 15. Qe2 Nd7 16. Rh5 Qf6 17. Be3 $146 ({RR} 17. Bd2 g6 18. Rg5 Rhe8 19. Qf2 h6 20. Rg3 Qc6 21. Re1 Nf6 22. Kg1 Rxe1+ 23. Qxe1 c4 24. Qf2 cxd3 25. cxd3 Qa6 26. h3 Rxd3 27. Rxd3 Qxd3 28. Qe2 Qd6 29. Be3 a6 30. Qd2 Qc6 31. Kh2 h5 {½-½ Hansen,S (2520)-Hector,J (2438) ch-DEN Rapid 2024 (8.3)}) 17... Rhe8 18. Qf2 Qe6 19. Bxc5 Nf6 20. f5 Qc6 21. Rg5 h5 22. h3 Ng4 23. hxg4 hxg4 24. Kg1 Rh8 25. f6 gxf6 26. Qf5+ Kb8 27. Rxg4 Rh4 28. Bxa7+ Ka8 29. Bf2 Rxg4 30. Qxg4 Kb8 31. d4 f5 32. d5 Qd6 33. Qd4 Rg8 34. Re1 Qg6 35. g3 Qh5 36. Qa4 f6 37. Re7 Rd8 38. Qa5 1-0

[Event "45th Olympiad 2024"]
[Site "Budapest HUN"]
[Date "2024.09.21"]
[Round "10.41"]
[Board "2"]
[White "Song, Raymond"]
[Black "Nikolovski, Nikola"]
[Result "1-0"]
[WhiteElo "2503"]
[BlackElo "2388"]
[PlyCount "107"]
[EventDate "2024.09.11"]
[WhiteTeam "Chinese Taipei"]
[BlackTeam "North Macedonia"]

1. d4 e6 2. Nf3 f5 3. g3 Nf6 4. Bg2 Be7 5. O-O O-O 6. c4 d6 7. Nc3 Ne4 8. Nxe4 fxe4 9. Nd2 d5 10. f3 Nc6 11. e3 exf3 12. Nxf3 b6 ({RR} 12... a5 13. Bd2 Bf6 14. Rc1 Qd6 15. Qc2 Bd7 16. cxd5 exd5 17. Qc5 Be7 18. Qxd6 Bxd6 19. Ne5 Rxf1+ 20. Rxf1 Be6 21. Nxc6 bxc6 22. Rc1 Ra6 23. Bf1 Rb6 24. Bxa5 Rxb2 25. Rxc6 Rb1 26. Kf2 Rb2+ 27. Kg1 {½-½ Dankhazi,A (2346)-Schwarhofer,C (2283) ch-Vienna State 2024 (3.2)}) 13. Bd2 Qd7 $146 ({RR} 13... Bf6 14. Qc2 Bb7 15. Rac1 a5 16. b3 Qd6 17. g4 g6 18. Be1 Qa3 19. h4 Rae8 20. c5 Nb4 21. Bxb4 Qxb4 22. Rf2 Be7 23. g5 bxc5 24. dxc5 Qg4 25. Qc3 e5 26. c6 Bb4 27. Nxe5 Qg3 28. Rxf8+ {1-0 Fridman,D (2605)-Pap,M (2480) Llucmajor op 6th 2017 (5)}) ({RR} 13... a5 14. Qc2 Bb7 15. Rac1 Nb4 16. Bxb4 axb4 17. Bh3 Rf6 18. Rf2 h6 19. Ne5 Qd6 20. Rcf1 Raf8 21. Rxf6 Bxf6 22. Qg6 dxc4 23. Rf2 c3 24. bxc3 bxc3 25. Ng4 Bg5 26. Rxf8+ Kxf8 27. Qh7 Bxe3+ 28. Nxe3 {0-1 Niermann,T (2305)-Nikolovski,N (2347) 8th Noisiel Open 2023 (7.6)}) ({RR} 13... Qd6 14. Rc1 Ba6 15. b3 Rad8 16. Qc2 dxc4 17. bxc4 e5 18. Qa4 Bb7 19. c5 Qh6 20. Nxe5 Nxe5 21. Bxb7 Ng4 22. Qc4+ Kh8 23. Qe2 Qh3 24. cxb6 cxb6 25. Qg2 Qh6 26. h4 Bd6 27. e4 Qh5 28. e5 {½-½ Shchekachev,A (2511)-Vlachos,A (2446) Int Rapid de Paris IdF 2023 (7.4)}) 14. Qc2 Bb7 15. Rac1 Rad8 16. a3 a5 17. Bh3 Rf6 18. Rf2 Rdf8 19. Bg2 h6 20. Be1 R6f7 21. Qb3 Kh8 22. c5 Bd8 23. Qd3 Kg8 24. b4 axb4 25. axb4 e5 26. dxe5 bxc5 27. bxc5 Qe6 28. Rb1 Ba8 29. Bc3 Be7 30. Bd4 Nd8 31. Rff1 Bb7 32. Ra1 Bc6 33. Ra7 Qc8 34. Qg6 Bd7 35. Nd2 Rxf1+ 36. Nxf1 Be6 37. Ra1 Kh8 38. Qd3 Bf5 39. Qb3 c6 40. Ra7 Rf7 41. Nd2 Qe6 42. Bf3 Bg4 43. Bg2 Bh3 44. Qd3 Bxg2 45. Kxg2 Qg4 46. h3 Qe6 47. Nf3 Kg8 48. Ng1 Qc8 49. Ne2 Qb8 50. Ra2 Ne6 51. Nf4 Nxc5 52. Qg6 Qb3 53. Ra8+ Rf8 54. e6 1-0

[Event "45th Olympiad 2024"]
[Site "Budapest HUN"]
[Date "2024.09.21"]
[Round "10.41"]
[Board "3"]
[White "Risteski, Emil"]
[Black "Yang, ching Wei"]
[Result "1/2-1/2"]
[WhiteElo "2367"]
[BlackElo "2121"]
[PlyCount "79"]
[EventDate "2024.09.11"]
[WhiteTeam "North Macedonia"]
[BlackTeam "Chinese Taipei"]

1. c4 e5 2. Nc3 Nf6 3. Nf3 Nc6 4. e3 Bb4 5. Qc2 a5 6. d3 ({RR} 6. Nd5 d6 7. a3 Bc5 8. Be2 Be6 9. Nxf6+ Qxf6 10. b3 O-O 11. Bb2 Ba7 12. Rd1 Bf5 13. d3 Qe7 14. O-O Bg6 15. Qd2 Rad8 16. Rfe1 d5 17. cxd5 Rxd5 18. Qc3 Rfd8 19. Rd2 Rc5 {0-1 Vachier Lagrave,M (2778)-Caruana,F (2835) Chessbrahmin May blitz 2020 (1.21)}) ({RR} 6. Nd5 Bc5 7. b3 O-O 8. a3 d6 9. Bd3 h6 10. Nxf6+ Qxf6 11. Bb2 Bd7 12. O-O h5 13. Be4 h4 14. h3 Rae8 15. Rad1 Bc8 16. d4 Ba7 17. Rfe1 Re7 18. c5 Rfe8 19. Bxc6 bxc6 20. dxe5 dxe5 {1-0 Horn,P (2043)-Hallmann,O 36th Kiel Open 2024 (9.8)}) 6... O-O 7. Be2 d5 $146 ({RR} 7... Re8 8. O-O d5 9. cxd5 Nxd5 10. Bd2 Bf8 11. Rac1 Bg4 12. a3 Nxc3 13. Bxc3 Bd6 14. Rfd1 a4 15. d4 e4 16. Ne5 Bxe2 17. Qxe2 Qh4 18. g3 Qh3 19. Nxc6 bxc6 20. Rf1 Rab8 21. Rc2 Qe6 22. Rfc1 {1-0 Warmerdam,M (2501)-Shytaj,L (2483) Bundesliga 1920 2019 (6.6)}) 8. cxd5 Nxd5 9. O-O Bg4 10. h3 Be6 11. Na4 h6 12. b3 Qf6 13. Bb2 Qg6 14. Kh1 Rfe8 15. Nc5 Bxc5 16. Qxc5 Rad8 17. Rfd1 Ndb4 18. e4 b6 19. Qc3 Bc8 20. Bf1 Qf6 21. a3 Na6 22. Rac1 Nd4 23. Nxd4 exd4 24. Qc2 c5 25. Rb1 Qd6 26. Bc1 Bb7 27. f4 f5 28. e5 Qc6 29. Bd2 Re6 30. Rdc1 Rg6 31. Be1 Nc7 32. b4 axb4 33. axb4 Nd5 34. Bd2 Ne7 35. b5 Qxg2+ 36. Bxg2 Rxg2 37. Qa2+ Kh7 38. Qa7 Bd5 39. Qxe7 Rg3+ 40. Kh2 1/2-1/2

[Event "45th Olympiad 2024"]
[Site "Budapest HUN"]
[Date "2024.09.21"]
[Round "10.41"]
[Board "4"]
[White "Wang, Ting-Hao"]
[Black "Zlatkov, Anton"]
[Result "0-1"]
[WhiteElo "1842"]
[BlackElo "2346"]
[PlyCount "98"]
[EventDate "2024.09.11"]
[WhiteTeam "Chinese Taipei"]
[BlackTeam "North Macedonia"]

1. e4 c5 2. Nf3 e6 3. g3 Nc6 4. Bg2 Nf6 5. Qe2 e5 6. O-O Be7 7. c3 O-O 8. Rd1 Re8 9. d4 cxd4 10. cxd4 exd4 11. Nxd4 Nxd4 12. Rxd4 Bc5 13. Rd1 d5 14. Bg5 $146 ({RR} 14. Nc3 Bg4 15. Bf3 Nxe4 16. Bxg4 Nxc3 17. Qc2 Ne4 18. Kg2 Nxf2 19. Qxc5 Nxg4 20. Rxd5 Qc8 21. Qxc8 Raxc8 22. Rd2 f6 23. b3 Kf7 24. h3 Ne5 25. Bb2 Red8 26. Rad1 Rxd2+ 27. Rxd2 Ke6 28. Kf2 Rc7 {½-½ Kerigan,D (2318)-Kohlweyer,B (2422) Pardubice Czech op-A 25th 2014 (9)}) ({RR} 14. Nc3 Bg4 15. Bf3 Bxf3 16. Qxf3 dxe4 17. Nxe4 Qxd1+ 18. Qxd1 Nxe4 19. Be3 Bxe3 20. fxe3 Rad8 21. Qa4 a6 22. Rd1 Rc8 23. Rd7 Nc5 24. Qd4 Nxd7 25. Qxd7 b5 26. Kf2 h5 27. Kf3 Rcd8 28. Qc6 Re6 {0-1 Santos Flores,A (2183)-Adewumi,T (2280) Titled Tue 9th Jan Late 2024 (6)}) ({RR} 14. Nc3 Bg4 15. Bf3 Nxe4 16. Nxe4 Bxf3 17. Qxf3 dxe4 18. Qb3 Qb6 19. Qxb6 Bxb6 20. Be3 Bxe3 21. fxe3 Red8 22. Rxd8+ Rxd8 23. Rc1 g6 24. Rc2 Kg7 25. Kf2 Rd1 26. g4 Kf6 27. h4 g5 28. h5 Ke6 {½-½ Ergazakis,I (2306)-Lever,E (2135) Belgrade Radnicki IM T2 08 2021 (1)}) ({RR} 14. Qb5 b6 15. Bg5 Bd7 16. Bxf6 Bxf2+ 17. Kh1 Bxb5 18. Bxd8 Raxd8 19. Nc3 Ba6 20. exd5 f5 21. d6 Bc5 22. d7 Re7 23. Bc6 Rexd7 24. Rxd7 Rxd7 25. b4 Bf2 26. Ne4 Bd4 27. Bxd7 Bxa1 28. Bxf5 Bc4 {0-1 Du,Y (2046)-Soumya,S (2359) Asian Continental op (Women) 16th 2017 (3)}) 14... Bg4 15. Bf3 Qb6 16. Bxg4 Rxe4 17. Qf3 Nxg4 18. Nc3 Nxf2 19. Rxd5 Nd1+ 20. Kg2 Nxc3 21. bxc3 Rae8 22. Rf1 f6 23. Bd2 Re2+ 24. Kh1 Qe6 25. Qf5 Qxf5 26. Rfxf5 Be3 27. Bxe3 R8xe3 28. Ra5 Rxc3 29. Kg1 a6 30. Rf2 Rxf2 31. Kxf2 Rc2+ 32. Kg1 Kf7 33. Ra3 f5 34. Rb3 b5 35. Ra3 Rc6 36. Kf2 Ke6 37. Ke3 Ke5 38. h3 g5 39. Rd3 b4 40. Rd2 a5 41. Kf2 a4 42. Rb2 Rb6 43. Ke3 b3 44. a3 Rc6 45. Re2 Rc3+ 46. Kd2+ Kd4 47. Re7 Rxg3 48. Rxh7 Rg2+ 49. Kc1 f4 0-1

[Event "45th Olympiad 2024"]
[Site "Budapest HUN"]
[Date "2024.09.21"]
[Round "10.42"]
[Board "1"]
[White "Saraci, Nderim"]
[Black "Almedina Ortiz, Edgardo J."]
[Result "1-0"]
[WhiteElo "2446"]
[BlackElo "2196"]
[PlyCount "91"]
[EventDate "2024.09.11"]
[WhiteTeam "Kosovo"]
[BlackTeam "Puerto Rico"]
[WhiteTeamCountry "KOS"]
[BlackTeamCountry "PUR"]

1. d4 d5 2. Nf3 Nf6 3. Bf4 e6 4. e3 Bd6 5. Nbd2 O-O 6. Bg3 c5 7. c3 Qc7 8. dxc5 Qxc5 9. c4 ({RR} 9. Bd3 Nbd7 10. Qe2 Rd8 11. e4 dxe4 12. Nxe4 Nxe4 13. Bxe4 Bxg3 14. Bxh7+ Kxh7 15. hxg3+ Kg8 16. O-O-O Re8 17. Rxd7 Bxd7 18. Ne5 f6 19. Rh8+ Kxh8 20. Qh5+ Kg8 {½-½ Aronian,L (2775)-Wang,H (2756) Wch Rapid Moscow 2019 (13)}) ({RR} 9. Bd3 Nbd7 10. Qe2 b6 11. e4 Bxg3 12. hxg3 e5 13. exd5 Qxd5 14. O-O-O Qxa2 15. Nxe5 Nxe5 16. Qxe5 Ba6 17. Bb1 Qa4 18. Ne4 Nxe4 19. Qxe4 Qxe4 20. Bxe4 g6 21. Bxa8 Rxa8 22. Rd7 Bc4 23. Re1 a5 {0-1 Exposito Milan,A (2246)-Padmini,R (2339) Titled Tue 27th Aug Early 2024 (3)}) 9... Bxg3 10. hxg3 Nbd7 11. Rc1 Qe7 $146 ({RR} 11... h6 12. a3 b6 13. cxd5 Qxd5 14. Bc4 Qd6 15. O-O Bb7 16. Qe2 a6 17. Rfd1 Qe7 18. e4 Nc5 19. e5 Nd5 20. b4 Na4 21. Ne4 b5 22. Bb3 Nab6 23. Nc5 Rad8 24. Nd4 Rc8 25. Bc2 Nc4 26. Qxc4 {0-1 Salinas Herrera,P (2514)-Solon,N (2306) Titled Tuesday intern op 9th June blitz 2020 (9)}) 12. cxd5 exd5 13. Be2 Nc5 14. O-O Bf5 15. Nb3 Nce4 16. Qd4 Rfe8 17. Ne1 a6 18. Nd3 Bg4 19. Bf3 Rad8 20. Rfd1 h5 21. Qb4 Rd6 22. Nbc5 a5 23. Qxb7 Qd8 24. Nb3 a4 25. Nd4 Bd7 26. Nc6 Bxc6 27. Rxc6 Rd7 28. Qb6 d4 29. Qxd8 Rdxd8 30. exd4 Rxd4 31. Rcc1 Rb8 32. a3 Rb3 33. Be2 g6 34. Rc2 Rd7 35. Nb4 Rb7 36. Rd4 Kg7 37. Bf3 Rxf3 38. gxf3 Ng5 39. Kg2 Ne6 40. Rdc4 g5 41. Nd3 Rb5 42. Nc5 Nf8 43. Rb4 Ra5 44. Rxa4 Rb5 45. b4 Rb8 46. Ne4 1-0

[Event "45th Olympiad 2024"]
[Site "Budapest HUN"]
[Date "2024.09.21"]
[Round "10.42"]
[Board "2"]
[White "Rodriguez Santiago, Jaime"]
[Black "Ondozi, Murtez"]
[Result "1-0"]
[WhiteElo "2002"]
[BlackElo "2371"]
[PlyCount "129"]
[EventDate "2024.09.11"]
[WhiteTeam "Puerto Rico"]
[BlackTeam "Kosovo"]
[WhiteTeamCountry "PUR"]
[BlackTeamCountry "KOS"]

1. d4 {Marin,Mihail} d5 2. c4 c6 3. cxd5 cxd5 4. Bf4 Nc6 5. Nc3 Nf6 6. e3 a6 7. Be2 ({RR} 7. Bd3 Bg4 8. Nge2) 7... Qb6 ({RR} 7... Bf5 8. g4 Be6 ({RR} 8... Bg6 9. Qb3 e6 10. Qxb7 Na5 11. Qc7 Qxc7 12. Bxc7 Bb4 13. Nf3 ({RR} 13. f3 Nc4 14. Bxc4 dxc4 15. Nge2 Nd5 16. Bf4 Bd3 17. O-O-O Nxc3) 13... Nc4 14. Bxc4 dxc4 15. Nd2 Bd3 16. g5 Bxc3 17. bxc3 Nd5 18. Bg3) 9. h4 ({RR} 9. Bf3 h6 10. h4 Qb6 ({RR} 10... Nd7 11. Bxd5 Bxd5 12. Nxd5 Qa5+ 13. Nc3 e5) 11. g5 ({RR} 11. Rb1 g6 12. b4) 11... hxg5 12. hxg5 Rxh1 13. Bxh1 Nh5 ({RR} 13... Ne4 14. Nxe4 dxe4 15. Bxe4 Qxb2 16. Rb1 Qxa2 17. Rxb7) 14. Bh2 Rd8 15. Nge2) 9... Ne4 10. Rc1 g6 ({RR} 10... Qb6) ({RR} 10... Rc8) 11. Qb3 ({RR} 11. f3 Nxc3 12. Rxc3 h5) ({RR} 11. Bf3 Nxc3 12. Rxc3 Bg7 13. h5) ({RR} 11. Nh3) 11... Na5 ({RR} 11... b5 12. Nxb5 ({RR} 12. a4 Na5 13. Qc2) 12... axb5 13. Qxb5 ({RR} 13. Bxb5 Qa5+) 13... Bd7 ({RR} 13... Qa5+ 14. Kf1) 14. Rxc6 Rxa2 15. Rc1 e6 ({RR} 15... Bxb5 16. Bxb5+ Qd7 17. Rc8#) 16. Qb7) 12. Qd1 {½-½ Andreikin,D (2727)-Wang,H (2752) Dortmund SuperGM 41st 2013 (3)} ({RR} 12. Qa4+ b5 ({RR} 12... Bd7 13. Qd1) 13. Nxb5 axb5 14. Bxb5+ Bd7 15. Rc7 Nf6 16. g5 Nc6 ({RR} 16... Bxb5 17. Qxb5+ Nd7 18. h5) 17. Qb3 e5 ({RR} 17... Na5 18. Bxd7+ Nxd7 19. Qxd5) 18. Rxc6 Ne4 19. Rb6 ({RR} 19. Nf3 Qa5+ 20. Kf1 Nd6 21. a4 Nxb5 22. Nxe5 Bxc6 23. Nxc6 Qxa4 24. Qxd5 Qd1+ 25. Kg2 Qg4+ 26. Bg3 Nd6) 19... exf4 20. Bxd7+ Qxd7 21. Rb8+ Rxb8 22. Qxb8+ Qd8 23. Qe5+ Qe7 24. Qxh8) {RR} 12... Rc8 ({RR} 12... Bg7 13. Nxe4 dxe4 14. Bc7) 13. Nxe4 Rxc1 14. Qxc1 dxe4 15. Qc3 Qd5 16. b3) 8. a3 e6 ({RR} 8... Bf5 9. Na4 Qd8 10. Nf3 Ne4 11. O-O e6 12. Ne5 Nxe5 13. Bxe5 f6 14. Bg3 b5 15. Nc3 Bd6 16. Nxe4 Bxe4 17. Rc1 O-O 18. Qd2 Rf7 19. Rc6 Bf8 20. Rxe6 a5 21. Bxb5 {1-0 L'Ami,E (2627)-Beukema,S (2428) Tata Steel Challengers 2024 (5.5)}) 9. Qc2 Qa5 $146 ({RR} 9... Be7 10. h3 Ne4 11. Nf3 f5 12. Ne5 O-O 13. O-O Nxe5 14. Bxe5 Bd7 15. Nxe4 fxe4 16. Bc7 Rac8 17. Rac1 Qa7 18. Qb3 Bc6 19. Bb6 Qb8 20. Bc5 Bd6 21. Bxd6 Qxd6 22. Rc5 Rf7 23. Qb6 Qc7 24. Qxc7 {½-½ Santarius,E (2302)-Ducarmon,Q (2475) Barcelona Sants op 17th 2015 (5)}) 10. Rc1 Bd7 11. Nf3 Be7 12. O-O O-O 13. Bd3 Rfc8 14. Qe2 b5 15. Nd2 b4 16. Nb3 Qd8 17. Nb1 Qb6 18. a4 a5 19. Bb5 Ne4 20. f3 Nd6 21. Nc5 Be8 22. Ba6 Rc7 23. Nd2 Rca7 24. Bd3 Bf8 25. Ndb3 Ne7 26. Rc2 Ng6 27. Bg3 Nf5 28. Bf2 Nd6 29. Rfc1 Be7 30. g3 Bd8 31. e4 Ne7 32. Nd2 Rc7 33. b3 Qa7 34. e5 Nb7 35. f4 Nxc5 36. dxc5 Qb7 37. Nf3 Nc6 38. Nd4 Nxd4 39. Bxd4 Bc6 40. h4 Be7 41. Kh2 Bf8 42. g4 Re8 43. Rf1 Qb8 44. Qe3 Qd8 45. Kg3 f6 46. Rh2 Rf7 47. Rff2 Qd7 48. Bc2 f5 49. gxf5 exf5 50. Rfg2 Qc8 51. Bd3 h5 52. Kh3 Qe6 53. Rg3 Qd7 54. Rhg2 Re6 55. Qe2 Rh6 56. Rg6 Rxg6 57. Rxg6 Qe8 58. Qxh5 Bxa4 59. bxa4 Qxa4 60. Bxf5 b3 61. Be6 Qxd4 62. Rxg7+ Bxg7 63. Qxf7+ Kh7 64. Bf5+ Kh6 65. Qg6# 1-0

[Event "45th Olympiad 2024"]
[Site "Budapest HUN"]
[Date "2024.09.21"]
[Round "10.42"]
[Board "3"]
[White "Uruci, Endrit"]
[Black "Zilleruelo Irizarry, Diego"]
[Result "1/2-1/2"]
[WhiteElo "2348"]
[BlackElo "2041"]
[PlyCount "98"]
[EventDate "2024.09.11"]
[WhiteTeam "Kosovo"]
[BlackTeam "Puerto Rico"]
[WhiteTeamCountry "KOS"]
[BlackTeamCountry "PUR"]

1. e4 c6 2. d4 d5 3. Nc3 dxe4 4. Nxe4 Nf6 5. Nxf6+ exf6 6. c3 Bd6 7. Bd3 O-O 8. Qc2 Re8+ 9. Ne2 h5 10. O-O h4 11. h3 Nd7 12. Bf4 Nf8 13. Bxd6 Qxd6 14. Rfe1 Re7 $146 ({RR} 14... Bd7 15. Rad1 Re7 16. Nc1 Rae8 17. Rxe7 Rxe7 18. Nb3 Ne6 19. c4 Kh8 20. Bf5 g6 21. d5 Nf4 22. c5 Qe5 23. d6 Bxf5 24. dxe7 Qxe7 25. Qd2 Nd3 26. Nd4 Be4 27. f3 Qxc5 28. fxe4 Qxd4+ 29. Kf1 {1-0 Dietz,K (1924)-Zusman,T (1626) EU-ch Hybrid U16 Girls 2021 (1)}) ({RR} 14... Bd7 15. Qd2 Ng6 16. Rad1 Re7 17. Bxg6 fxg6 18. Nf4 g5 19. Rxe7 Qxe7 20. Re1 Qf7 21. Nd3 Re8 22. b3 b6 23. c4 Bf5 24. Nb4 Rxe1+ 25. Qxe1 Qd7 26. d5 cxd5 27. Nxd5 Be6 28. Nc3 g4 29. hxg4 {½-½ Firouzja,A (2786)-Anton Guijarro,D (2691) Titled Tue 20th Jun Late 2023 (8)}) ({RR} 14... Be6 15. Rad1 b5 16. b3 g6 17. c4 bxc4 18. bxc4 f5 19. Qc1 Rab8 20. a4 a5 21. d5 cxd5 22. c5 Qc7 23. Bb5 Rec8 24. c6 Nh7 25. Nd4 Re8 26. Qh6 Nf8 27. Qxh4 Kg7 28. Ne2 f6 29. Qd4 {1-0 Skytte,R (2358)-Azikri,G (1948) Norway Chess Open GM 2024 (7.11)}) ({RR} 14... Bd7 15. Qd2 Ng6 16. Bxg6 fxg6 17. Qf4 Qxf4 18. Nxf4 Bf5 19. f3 g5 20. Ne2 Re7 21. Kf2 Rae8 22. Ng1 Be6 23. b3 f5 24. Re5 Bd7 25. Rxe7 Rxe7 26. Re1 Rxe1 27. Kxe1 g4 28. f4 Kf7 29. Kf2 {0-1 Pogorelskikh,S (2284)-Ufimtsev,E (2148) St Petersburg Korchnoi Memorial op 2019 (8)}) ({RR} 14... Be6 15. Qd2 Rad8 16. Qf4 Qxf4 17. Nxf4 c5 18. d5 Bc8 19. Bb5 Re5 20. c4 Nd7 21. Bxd7 Bxd7 22. Rxe5 fxe5 23. Nd3 b5 24. b3 bxc4 25. bxc4 Bf5 26. Nxe5 f6 27. Nc6 Rd7 28. Na5 Re7 29. Nb3 {1-0 Ohanyan,E (2444)-Sreyas,P (2076) Titled Tue 9th May Early 2023 (2)}) 15. Qd2 Bd7 16. Qf4 Qxf4 17. Nxf4 Rae8 18. Kf1 Rxe1+ 19. Rxe1 Rxe1+ 20. Kxe1 Ne6 21. Nh5 Kf8 22. Kd2 Ke7 23. Ke3 g6 24. Nf4 Nxf4 25. Kxf4 g5+ 26. Ke3 f5 27. f4 f6 28. c4 Be6 29. b3 Kd6 30. c5+ Ke7 31. Bc4 Bc8 32. d5 cxd5 33. Bxd5 Kd7 34. b4 b6 35. g3 bxc5 36. bxc5 Ba6 37. gxh4 gxh4 38. Bg2 Bb5 39. Kd4 a5 40. a3 Kc7 41. Ke3 Kd7 42. Kf2 Bd3 43. Bf3 Be4 44. Ke3 Bxf3 45. Kxf3 Kc6 46. Ke3 Kxc5 47. Kd3 a4 48. Kc3 Kd5 49. Kd3 Kc5 1/2-1/2

[Event "45th Olympiad 2024"]
[Site "Budapest HUN"]
[Date "2024.09.21"]
[Round "10.42"]
[Board "4"]
[White "Mejias Nunez, Rafael E."]
[Black "Asllani, Muhamet"]
[Result "0-1"]
[WhiteElo "2026"]
[BlackElo "2191"]
[PlyCount "94"]
[EventDate "2024.09.11"]
[WhiteTeam "Puerto Rico"]
[BlackTeam "Kosovo"]
[WhiteTeamCountry "PUR"]
[BlackTeamCountry "KOS"]

1. e4 e5 2. Nf3 Nc6 3. Bc4 Nf6 4. Ng5 d5 5. exd5 Na5 6. Bb5+ c6 7. dxc6 bxc6 8. Bd3 h6 9. Ne4 Nd5 10. O-O g6 11. Ng3 ({RR} 11. Re1 f5 12. Nec3 Bg7 13. Bf1 O-O 14. d3 Qc7 15. b3 Rb8 16. Bb2 Kh7 17. Qd2 Nf4 18. Na3 Ne6 19. Rab1 h5 20. Ba1 Nb7 21. Na4 Nbd8 22. Nc4 Rb5 23. Nc3 Rb8 24. Nd1 Rb5 25. a4 Rd5 {1-0 LCZero 0.31-dag-5107404-T2-52 (3633)-Igel 3.5.5 (3502) TCEC 25 Premier 2023 (51.1)}) 11... Bg7 12. Re1 O-O 13. Bf1 Nb7 $146 ({RR} 13... Qc7 14. a3 Rd8 15. b4 Nb7 16. Bb2 a5 17. c4 Nf4 18. Qb3 Be6 19. d3 Rd7 20. Nd2 Rad8 21. Re3 f6 22. Qc2 Bf7 23. Nb3 Ne6 24. Rae1 axb4 25. axb4 Qb6 26. Bc3 h5 27. h4 Ra8 28. Ne4 {1-0 Laznicka,V (2637)-Lopez Martinez,J (2589) Pamplona 19th 2009 (5)}) ({RR} 13... c5 14. d3 f5 15. Bd2 Nc6 16. Nc3 Nc7 17. Nge2 Rb8 18. Nc1 Qd6 19. Nb3 Rd8 20. Be3 Ne6 21. Nd2 Qc7 22. Nc4 Ba6 23. Qc1 Kh7 24. Rb1 Ncd4 25. a3 Bb7 26. Nd1 Ba8 27. b4 cxb4 28. axb4 {1-0 Chirila,I (2531)-Becerra Rivero,J (2556) USA tt ICC INT 2011 (10)}) ({RR} 13... c5 14. Nc3 Nf4 15. Na4 Qc7 16. Ne4 Ne6 17. c3 Nb7 18. c4 Nd6 19. d3 Rd8 20. Bd2 Bb7 21. Nac3 Nf5 22. Rc1 Qe7 23. a3 {½-½ Vorobiov,E (2583)-Romanishin,O (2463) Sitges Sunway op 3rd 2016 (8)}) 14. d3 Nc5 15. Nc3 Rb8 16. Bd2 Qh4 17. Rb1 Ne6 18. Re4 Qd8 19. Qc1 Kh7 20. Re1 Nd4 21. Nce2 f5 22. Nxd4 exd4 23. Be2 Be6 24. Bf3 Re8 25. a3 Qd7 26. Nf1 Bf7 27. Rxe8 Rxe8 28. b4 Nc3 29. Bxc3 dxc3 30. a4 Bd5 31. Qd1 a6 32. Ne3 Ba2 33. Ra1 Bf7 34. Rb1 Bd4 35. Nc4 Bd5 36. a5 Qe7 37. g3 Bxf3 38. Qxf3 Qe2 39. Qxe2 Rxe2 40. Ne3 Bxe3 41. fxe3 Rxc2 42. Rb3 Kg7 43. Kf1 Kf6 44. d4 Ke6 45. Ke1 Kd5 46. b5 cxb5 47. Rb4 Rb2 0-1

[Event "45th Olympiad 2024"]
[Site "Budapest HUN"]
[Date "2024.09.21"]
[Round "10.43"]
[Board "1"]
[White "Camacho Collados, Jose"]
[Black "Wong, Jianwen"]
[Result "1/2-1/2"]
[WhiteElo "2352"]
[BlackElo "2231"]
[PlyCount "173"]
[EventDate "2024.09.11"]
[WhiteTeam "Wales"]
[BlackTeam "Malaysia"]
[WhiteTeamCountry "WLS"]
[BlackTeamCountry "MAS"]

1. d4 Nf6 2. Nf3 e6 3. Bg5 h6 4. Bh4 d6 5. Nbd2 g5 6. Bg3 Nh5 7. e4 Bg7 8. c3 Nc6 ({RR} 8... f5 9. h3 Nxg3 10. fxg3 d5 11. exf5 exf5 12. Bd3 Qe7+ 13. Kf2 O-O 14. Re1 Qd6 15. Ne5 Nc6 16. Nxc6 bxc6 17. Qf3 c5 18. dxc5 Qxc5+ 19. Kf1 Rb8 20. Nb3 Qd6 21. Qf2 f4 22. g4 h5 23. gxh5 {0-1 Matlakov,M (2685)-Andreikin,D (2726) Titled Tuesday intern op 23rd June f blitz 2020 (2.2)}) ({RR} 8... Qe7 9. Nc4 f5 10. Nfd2 Nf6 11. e5 dxe5 12. Bxe5 Nc6 13. Be2 O-O 14. O-O Nxe5 15. Nxe5 Rd8 16. Re1 c5 17. Nb3 cxd4 18. cxd4 a5 19. Bc4 Rd6 20. Qc2 Kh7 21. a4 b6 22. Nf3 Qc7 23. Rac1 {0-1 Fressinet,L (2637)-Ivanisevic,I (2517) Titled Tue 9th Jan Late 2024 (3)}) 9. Bd3 Qe7 10. O-O $146 ({RR} 10. Qe2 Bd7 11. O-O Nxg3 12. fxg3 a5 13. Nc4 O-O 14. e5 d5 15. Ne3 f5 16. exf6 Bxf6 17. Ng4 Qg7 18. Bb5 Kh8 19. Rae1 Rae8 20. Qd3 Re7 21. Nfe5 Bxe5 22. Rxf8+ Qxf8 23. Bxc6 Bxc6 24. Nxe5 Be8 {1-0 Babiy,O (2296)-Dwilewicz,K (2131) EU-ch (Women) 22nd 2022 (3)}) ({RR} 10. Qe2 Bd7 11. Nc4 O-O-O 12. O-O-O f5 13. exf5 exf5 14. Qxe7 Nxe7 15. Bxd6 cxd6 16. Nxd6+ Kc7 17. Nf7 Nf4 18. Rhe1 Nxd3+ 19. Rxd3 Ng6 20. Nxd8 Rxd8 21. g3 g4 22. Nd2 h5 23. b3 h4 24. Nc4 b5 {0-1 Schmidt,B (2350)-Hammes,M (2305) BL2-West 9697 1996 [8]}) 10... Nxg3 11. hxg3 Bd7 12. d5 Ne5 13. Nxe5 Bxe5 14. Nc4 Bg7 15. Re1 h5 16. Qb3 b6 17. e5 dxe5 18. Nxe5 Bxe5 19. Rxe5 O-O-O 20. Qc4 Kb8 21. dxe6 Bxe6 22. Qe4 Qd6 23. Ba6 Bd5 24. Qd4 f6 25. Rf5 Rhf8 26. Rd1 Be6 27. Qxd6 cxd6 28. Rb5 Bc4 29. Rxb6+ axb6 30. Bxc4 Kc7 31. a4 Rd7 32. Re1 f5 33. Bb5 Rg7 34. Re6 f4 35. Rh6 fxg3 36. fxg3 h4 37. gxh4 g4 38. h5 g3 39. Re6 Rg5 40. Re7+ Kc8 41. Re3 d5 42. h6 Rh8 43. Re6 Rh5 44. Rg6 R5xh6 45. Rxg3 Rh1+ 46. Kf2 Rb1 47. b4 Kc7 48. Ke3 Rh4 49. Rg7+ Kd6 50. Rb7 d4+ 51. cxd4 Rb3+ 52. Kf2 Rf4+ 53. Kg1 Rxd4 54. Rxb6+ Ke5 55. Rb8 Rbxb4 56. Rf8 Rd2 57. Re8+ Kf4 58. Kh2 Kg5 59. Rg8+ Kf6 60. Kh3 Rb3+ 61. g3 Ra3 62. Rc8 Rd4 63. Ra8 Rb4 64. Ra6+ Ke5 65. Ra5 Kf6 66. Ra6+ Kg7 67. Ra7+ Kh6 68. Ra8 Kg5 69. Rg8+ Kf6 70. Rf8+ Ke7 71. Rf5 Ke6 72. Rf1 Ke5 73. Rf8 Ke6 74. Rf2 Ke7 75. Rf5 Ra1 76. Rf2 Ra3 77. Rf5 Rbb3 78. Rg5 Kf6 79. Rg4 Rb2 80. Rc4 Rbb3 81. Rg4 Rb2 82. Rf4+ Ke5 83. Rf8 Rbb3 84. Rg8 Rb4 85. Re8+ Kf6 86. Rf8+ Kg7 87. Rf5 1/2-1/2